| 000 | 05716ncm2a2200553 4500 | ||
|---|---|---|---|
| 001 | RU\NLR\ONIZ\298557 | ||
| 005 | 20260215050717.0 | ||
| 035 | _a(NLR Aleph) 022092339 | ||
| 090 |
_a13551476 _c13551476 |
||
| 100 | _a20230711d1796 u y0rusy50 ca | ||
| 101 | 0 | _aita | |
| 125 | _acx | ||
| 135 | _acrcn 024anaba | ||
| 145 | 0 | _au | |
| 200 | 1 |
_aCanzone (Polidoro, Madama) nell' opera "L'Italiana in Londra" _e"E' piu d'una ora che tu sei aspettata..." _fdel sgr. Cimarosa _gcantata dal sgr. Stefano Mandini |
|
| 203 |
_aМузыка _bзнаковая _bвизуальная _cнепосредственная |
||
| 210 | _d[1796] | ||
| 215 | _a12 с. | ||
| 225 | 1 |
_aGiornale musicale del Teatro italiano di St. Pietroburgo, o scelta d'arie, duetti, terzetti, overturi, etc. delle opere buffe, rappresentate sul Teatro imperiale de St. Pietroburgo, dati in luce ed acomodati per essere accompagnati d'un cembalo solo da Bernardo Theodoro Breitkopf, dilettante _e[per canto con accompagnato di cembalo, per cembalo solo] _i[Т. 1] _v№ 5 |
|
| 313 | _aСистематизация документа проведена по изданию - Методика классифицирования музыкальных произведений (нотных изданий) по таблицам Библиотечно-библиографических классификаций : метод. рекомендации / Гос. б-ка СССР им. В.И. Ленина.- М., 1977. Индексу ББК методических рекомендаций присваивается код ББК для научных библиотек - LBC/SL | ||
| 316 |
_6b03852 _aЭкз. М 970-4/Ж.920(1) (№ 239721). Припл. к: Bianchi F. Overtura dell'opera "La villanella rapita". St. Pietroburgo , 1795 _5NLR |
||
| 325 | _aКопия доступна в Электрон. б-ке РНБ | ||
| 423 | 0 |
_12001#$aDuettino (Rachelina, Notaro) nell' opera "La molinara"$e"Nel cor piu non mi sento..."$fdel sgr. Paisiello$gcantata dalla sgra. Gasparini, e sgr. Mandini _1215##$aС. 4-7 _150000$aПрекрасная мельничиха$lОпера _1700#1$9z01790$aПаизиелло$bД.$gДжованни$f1741-1816$4230$7ca _1702#1$9z02790$aГаспарини де Купис$bД.$gДжулия$f2-я пол. 18 в.$4721$7ca _1702#1$9z03790$aМандини$bС.$gСтефано$f1750-1810$4721$7ca _1790#1$9z01700$aPaisiello$bG.$gGiovanni$f1741-1816$4230$7ba _1790#1$9z02702$aGasparini de Cupis$bG.$gGiulia$f2-я пол. 18 в.$4721$7ba _1790#1$9z03702$aMandini$bS.$gStefano$f1750-1810$4721$7ba _tDuettino (Rachelina, Notaro) nell' opera "La molinara" _aПаизиелло, Джованни (1741-1816) |
|
| 423 | 0 |
_12001#$aOuvertura nell' opera "L'italiana in Londra"$fdel sgr. Cimarosa _1215##$aС. 8-12 _150000$aИтальянка в Лондоне$lОпера _1700#1$9z01790$aЧимароза$bД.$gДоменико$f1749-1801$4230$7ca _1790#1$9z01700$aCimarosa$bD.$gDomenico$f1749-1801$4230$7ba _tOuvertura nell' opera "L'italiana in Londra" _aЧимароза, Доменико (1749-1801) |
|
| 461 | 0 |
_1001RU\NLR\ONIZ\303181 _12001#$aGiornale musicale del Teatro italiano di St. Pietroburgo, o scelta d'arie, duetti, terzetti, overturi, etc. delle opere buffe, rappresentate sul Teatro imperiale de St. Pietroburgo, dati in luce ed acomodati per essere accompagnati d'un cembalo solo da Bernardo Theodoro Breitkopf, dilettante$bНоты$e[per canto con accompagnato di cembalo, per cembalo solo]$v _912720462 _cSt. Pietroburgo _d1795-1798 _nnella Libreria di Ch. Lisner e dall'editore [B. Th. Breitkopf] _o[per canto con accompagnato di cembalo, per cembalo solo] _tGiornale musicale del Teatro italiano di St. Pietroburgo, o scelta d'arie, duetti, terzetti, overturi, etc. delle opere buffe, rappresentate sul Teatro imperiale de St. Pietroburgo, dati in luce ed acomodati per essere accompagnati d'un cembalo solo da Bernardo Theodoro Breitkopf, dilettante: Ноты |
|
| 462 | 0 |
_1001RU\NLR\ONIZ\297879 _12001#$a[Т. 1]$v№ 5 _912720465 _d[1795-1796] _tGiornale musicale del Teatro italiano di St. Pietroburgo, o scelta d'arie, duetti, terzetti, overturi, etc. delle opere buffe, rappresentate sul Teatro imperiale de St. Pietroburgo, dati in luce ed acomodati per essere accompagnati d'un cembalo solo da Bernardo Theodoro Breitkopf, dilettante: Ноты. - [Т. 1] _v№ 5 |
|
| 482 | 0 |
_6b03852 _1001RU\NLR\ONIZ\298497 _1852##$aNLR$bМ$j970-4/Ж.920(1)$p239717$t1 _913551473 _aБьянки, Ф. (1752-1810) _d1795 _fdel sgr. Bianchi _p16 с. _tOvertura dell'opera "La villanella rapita" _uhttps://vivaldi.nlr.ru/bn000011442/view |
|
| 500 | 0 | 0 |
_aИтальянка в Лондоне _lОпера |
| 686 | 0 | _aЩ942.19-41-071.2(4Ит) | |
| 686 | 0 | _aЩ954.1-071.2(4Ит) | |
| 700 | 1 |
_9z04790 _aЧимароза _bД. _f1749-1801 _gДоменико _4230 _7ca |
|
| 702 | 1 |
_9z02790 _aМандини _bС. _f1750-1810 _gСтефано _4721 _7ca |
|
| 790 | 1 |
_9z02702 _aMandini _bS. _f1750-1810 _gStefano _4721 _7ba |
|
| 790 | 1 |
_9z04700 _aCimarosa _bD. _f1749-1801 _gDomenico _4230 _7ba |
|
| 801 | 0 |
_aRU _bNLR _c20230711 _gPSBO |
|
| 801 | 1 |
_aRU _bNLR _c20230711 _2rusmarc |
|
| 801 | 2 |
_aRU _bNLR _c20240531 |
|
| 852 |
_6b03482 _6b03316 _aNLR _gМ _j970-4/Ж.920(1) _m239721 _t1 |
||
| 856 | 0 | _uhttps://vivaldi.nlr.ru/bn000011446/view | |
| 856 | 1 | _uhttps://vivaldi.nlr.ru/bn000011446/cover | |
| 856 | 2 | _uhttps://vivaldi.nlr.ru/bn000011446/text | |
| 942 | _cSCORE | ||
| 980 | _aONIZ | ||
| 980 | _aNB | ||
| 981 | 2 | 4 | _a(24) Нотные издания и аудиозаписи |
| 981 | 2 | 0 |
_a(20) Книжные памятники РНБ _b(20) ОНиЗ |